LIBRARY ONLINE CATALOGUE

Wharton's law lexicon : (Record no. 15164)

MARC details
000 -LEADER
fixed length control field 00678cam a22002052 4500
001 - CONTROL NUMBER
control field 0000018749
005 - DATE AND TIME OF LATEST TRANSACTION
control field 20151217161146.0
008 - FIXED-LENGTH DATA ELEMENTS--GENERAL INFORMATION
fixed length control field 100615s xx 000 0 eng d
020 ## - INTERNATIONAL STANDARD BOOK NUMBER
International Standard Book Number 8175344397 :
040 ## - CATALOGING SOURCE
Original cataloging agency KABU
Transcribing agency KABU
100 1# - MAIN ENTRY--PERSONAL NAME
Personal name Wharton, John Jane Smith.
-- 0000178091
245 10 - TITLE STATEMENT
Title Wharton's law lexicon :
Remainder of title with exhaustive reference to Indian case law /
Statement of responsibility, etc. J. J. S. Wharton.
250 ## - EDITION STATEMENT
Edition statement 15th ed.
260 ## - PUBLICATION, DISTRIBUTION, ETC. (IMPRINT)
Place of publication, distribution, etc. New Delhi :
Name of publisher, distributor, etc. Universal Law,
Date of publication, distribution, etc. 2009.
300 ## - PHYSICAL DESCRIPTION
Extent 1930 p. +
Accompanying material 1 CD-ROM.
650 #0 - SUBJECT ADDED ENTRY--TOPICAL TERM
Topical term or geographic name as entry element Law
Form subdivision Dictionaries
Geographic subdivision Great Britain.
-- 0000158665
852 1# - LOCATION
-- p3600 KES
908 ## - PUT COMMAND PARAMETER (RLIN)
Put command parameter 100615
950 ## - LOCAL HOLDINGS (RLIN)
-- 1
Holdings
Withdrawn status Lost status Source of classification or shelving scheme Not for loan Home library Current library Date acquired Total Checkouts Full call number Barcode Date last seen Price effective from Koha item type
    Library of Congress Classification Not For Loan Kabarak, Main Campus Kabarak, Main Campus 17/12/2015   KD313 .W43 2009 c. 1 24987 17/12/2015 17/12/2015 Reference